| 000 | 00842nas a2200289 4500 | ||
|---|---|---|---|
| 001 | BR0104072 | ||
| 003 | BR-BrBNA | ||
| 005 | 20231205102415.0 | ||
| 007 | ta | ||
| 008 | 230509b bl.|||p| |||| 00| 00por d | ||
| 040 |
_aBR-BrBNA _bpor _cBiblioteca Nacional de Agricultura |
||
| 041 | _a(Pt) | ||
| 072 | _aP40; Q02 | ||
| 100 | 1 | _aPerez, V.H. | |
| 100 | 1 | _aQueiroz, M.R. de | |
| 100 | 1 | _aVelibor, T. | |
| 100 | 1 | _aMeyer, J.F. | |
| 245 | 1 | _aEstudo da transferencia de calor durante o processo de secagem de bananas | |
| 650 | _aBanana | ||
| 650 | _aTransferencia de Calor | ||
| 650 | _aSecagem | ||
| 650 | _aModelo Matematico | ||
| 650 | _aTemperatura | ||
| 773 | 0 |
_tEngenharia Agricola (Brazil) _xISSN 0100-6916 _g(Sep 2000), v. 20(3) p. 258-266 _wBR0104072 |
|
| 909 |
_a202311 _bLúcia _c55 _dLúcia Elande |
||
| 942 |
_2AGRIS _n0 _cANA |
||
| 999 |
_c167426 _d167426 |
||